<?xml version="1.0" encoding="UTF-8"?>
<marc:record xmlns:marc="http://www.loc.gov/MARC21/slim">
   <marc:leader>00000nam a2200000 a 4500</marc:leader>
   <marc:datafield ind1="1" ind2=" " tag="100">
      <marc:subfield code="a">Krensky, Stephen</marc:subfield>
      <marc:subfield code="4">aut</marc:subfield>
      <marc:subfield code="e">Verfasser/-in</marc:subfield>
   </marc:datafield>
   <marc:datafield ind1=" " ind2=" " tag="653">
      <marc:subfield code="a">Judenvernichtung</marc:subfield>
   </marc:datafield>
   <marc:datafield ind1=" " ind2=" " tag="653">
      <marc:subfield code="a">Zweiter Weltkrieg</marc:subfield>
   </marc:datafield>
   <marc:datafield ind1=" " ind2=" " tag="653">
      <marc:subfield code="a">Nationalsozialismus</marc:subfield>
   </marc:datafield>
   <marc:datafield ind1=" " ind2=" " tag="653">
      <marc:subfield code="a">Leben</marc:subfield>
   </marc:datafield>
   <marc:datafield ind1=" " ind2=" " tag="653">
      <marc:subfield code="a">Holocaust</marc:subfield>
   </marc:datafield>
   <marc:datafield ind1=" " ind2=" " tag="653">
      <marc:subfield code="a">Geschichte</marc:subfield>
   </marc:datafield>
   <marc:datafield ind1=" " ind2=" " tag="653">
      <marc:subfield code="a">Biographien für Kinder und Jugendliche</marc:subfield>
   </marc:datafield>
   <marc:datafield ind1=" " ind2=" " tag="653">
      <marc:subfield code="a">Kindersachbuch</marc:subfield>
   </marc:datafield>
   <marc:datafield ind1="0" ind2="0" tag="245">
      <marc:subfield code="a">Das Leben von Anne Frank</marc:subfield>
   </marc:datafield>
   <marc:datafield ind1="0" ind2="0" tag="245">
      <marc:subfield code="c">Krensky, Stephen</marc:subfield>
   </marc:datafield>
   <marc:datafield ind1=" " ind2="1" tag="264">
      <marc:subfield code="a">München</marc:subfield>
      <marc:subfield code="b">DK</marc:subfield>
   </marc:datafield>
   <marc:datafield ind1="1" ind2=" " tag="490">
      <marc:subfield code="a">DK Superleser! Leseprofis</marc:subfield>
   </marc:datafield>
   <marc:datafield ind1="1" ind2=" " tag="520">
      <marc:subfield code="a">Spannendes Wissen über Anne Frank für Erstleser*innen&#xD;
Das Tagebuch der Anne Frank ist weltbekannt: In diesem SUPERLESER!-Erstlesebuch lernen die Leser*innen das Mädchen, das sich während des Zweiten Weltkriegs vor den Nazis versteckte, aus verschiedenen Blickwinkeln kennen. Sie begegnen Annes Familie und Freunden, erfahren, warum sie fliehen mussten und wie sie im Amsterdamer Versteck gelebt haben. Eine sorgfältig aufbereitete Anne Frank Biografie für Erstleser*innen, mit viel Lesefutter und spannendem Sachwissen für fortgeschrittene Bücherwürmer.&#xD;
&#xD;
Buch zur Leseförderung ab der 2./3. Klasse (Lesestufe Leseprofis)&#xD;
Dieses Erstlesebuch über das bewegende Leben der Anne Frank eignet sich mit 128 Seiten, informativen Sachtexten und Fibelschrift perfekt zur Leseförderung. Ein praktisches Lesebändchen und ein übersichtliches Glossar zum Nachschlagen der Wörter erleichtern die Leseübung – und mit dem Mix aus Erzählung und Sachwissen über den Zweiten Weltkrieg, Farbfotografien, Karten und handgezeichneten Illustrationen wird Lesen üben zur spannenden Geschichtsstunde.&#xD;
&#xD;
Die Lesestufe für Leseprofis &#xD;
• Ab der 2./3. Klasse&#xD;
• Spannende Geschichten und Biografien &#xD;
• Klare Gliederung und umfangreichere Kapitel in Fibelschrift&#xD;
• Von Grundschullehrer*innen empfohlen&#xD;
&#xD;
Neues Design für noch mehr Lesespaß: Die SUPERLESER!-Reihe&#xD;
Die DK Erstlesebücher aus der SUPERLESER!-Reihe laden Leseanfänger*innen zur intensiven Beschäftigung mit vielfältigen Themen ein. Ein kluges Konzept trifft auf neues Design und optimierte Methoden zur idealen Leseförderung:&#xD;
• Lebendiger Mix aus Sach- und erzählendem Buch&#xD;
• Altersgerechte Leseförderung durch vier verschiedene Lesestufen&#xD;
• Kniffliges Quiz und kreative Extras für einen handlungsorientierten Zugang&#xD;
• Für Eltern: nützliche Tipps zur Leseförderung + Verfügbarkeit bei Antolin.de&#xD;
• Praktisches Lesebändchen und Glossar zum Nachschlagen&#xD;
&#xD;
Geschichte und Lesen üben in einem: Mit den SUPERLESER!-Erstlesebüchern macht Lesen üben richtig Spaß.</marc:subfield>
   </marc:datafield>
   <marc:datafield ind1=" " ind2=" " tag="020">
      <marc:subfield code="a">9783831044917</marc:subfield>
      <marc:subfield code="9">9783831044917</marc:subfield>
   </marc:datafield>
   <marc:datafield ind1=" " ind2=" " tag="041">
      <marc:subfield code="a">ger</marc:subfield>
   </marc:datafield>
   <marc:datafield ind1=" " ind2=" " tag="300">
      <marc:subfield code="b">Illustrationen</marc:subfield>
   </marc:datafield>
   <marc:datafield ind1="1" ind2=" " tag="521">
      <marc:subfield code="a">Kind</marc:subfield>
   </marc:datafield>
   <marc:datafield ind1=" " ind2=" " tag="338">
      <marc:subfield code="a">Band</marc:subfield>
   </marc:datafield>
   <marc:datafield ind1=" " ind2=" " tag="300">
      <marc:subfield code="a">128 Seiten</marc:subfield>
   </marc:datafield>
</marc:record>
